000 01198nam a22002297a 4500
999 _c62017
_d62017
003 Ge_BSU
005 20240624112906.0
008 240624s1938 ge ||||| |||| 00| 0 geo d
041 _ageo
080 _a616-091(075.8) ჟ-99
100 _aჟღენტი, ვლ.
_922357
245 _aზოგადი პათოლოგიური ანატომია /
_cვლ. ჟღენტი; რედ. ო. თოდაძე.
250 _aმე-3 შევსებული, შესწორებული და ილუსტრირებული გამოცემა.
264 _aთბილისი :
_bსაქბიომედგამი,
_c1938.
300 _a 736 გვ.;
_bილ. ;
_c22 სმ.
500 _aთავფურცელის მეორე გვერდზე სათაური რუსულ ენაზე.
501 _aდანართი: საძიებელი-index (გვ. 706-732).
653 _aპათოლოგიური ანატომია
653 _aმედიცინა
700 _aთოდაძე, შ.
_eრედაქტორი
_922544
942 _2udc
_cᲬᲘᲒᲜᲘ